[Event "blitzwomeanteam"]
[Site "?"]
[Date "2016.10.08"]
[Round "8.10"]
[White "Pustovoitova, Daria"]
[Black "Vasilevich, Tatjana"]
[Result "1-0"]
[LiveChessVersion "1.4.4"]
[BlackElo "2345"]
[WhiteElo "2405"]

1. Nf3 {[%clk 0:03:02]} d5 {[%clk 0:03:03]} 2. d4 {[%clk 0:03:03]} Nf6
{[%clk 0:03:04]} 3. c4 {[%clk 0:03:04]} e6 {[%clk 0:03:05]} 4. Nc3
{[%clk 0:03:04]} Bb4 {[%clk 0:03:06]} 5. Bg5 {[%clk 0:03:01]} Nbd7
{[%clk 0:03:07]} 6. cxd5 {[%clk 0:03:01]} exd5 {[%clk 0:03:08]} 7. e3
{[%clk 0:03:01]} O-O {[%clk 0:03:06]} 8. Bd3 {[%clk 0:02:59]} c5 {[%clk 0:03:07]}
9. O-O {[%clk 0:02:56]} Qa5 {[%clk 0:03:03]} 10. Qc2 {[%clk 0:02:44]} c4
{[%clk 0:03:03]} 11. Bf5 {[%clk 0:02:45]} Re8 {[%clk 0:03:04]} 12. Bxd7
{[%clk 0:02:21]} Nxd7 {[%clk 0:02:59]} 13. Ne2 {[%clk 0:02:22]} Nf8
{[%clk 0:02:40]} 14. Bh4 {[%clk 0:02:14]} g6 {[%clk 0:02:30]} 15. Ne5
{[%clk 0:02:12]} Bf5 {[%clk 0:02:25]} 16. Qc1 {[%clk 0:02:12]} Kg7
{[%clk 0:02:17]} 17. a3 {[%clk 0:02:13]} Bd6 {[%clk 0:02:16]} 18. Bg3
{[%clk 0:02:10]} Qc7 {[%clk 0:02:16]} 19. Nc3 {[%clk 0:02:09]} Qa5
{[%clk 0:01:19]} 20. Nxc4 {[%clk 0:02:03]} dxc4 {[%clk 0:01:19]} 21. Bxd6
{[%clk 0:02:04]} Bd3 {[%clk 0:01:13]} 22. Bxf8+ {[%clk 0:01:47]} Rxf8
{[%clk 0:01:10]} 23. Re1 {[%clk 0:01:48]} Rad8 {[%clk 0:01:08]} 24. d5
{[%clk 0:01:47]} f5 {[%clk 0:01:05]} 25. f3 {[%clk 0:01:47]} Qc5 {[%clk 0:01:01]}
26. Kh1 {[%clk 0:01:47]} Rfe8 {[%clk 0:00:59]} 27. e4 {[%clk 0:01:47]} fxe4
{[%clk 0:00:55]} 28. fxe4 {[%clk 0:01:48]} Re5 {[%clk 0:00:54]} 29. Qf4
{[%clk 0:01:40]} Rde8 {[%clk 0:00:52]} 30. Re3 {[%clk 0:01:39]} Qe7
{[%clk 0:00:35]} 31. Rae1 {[%clk 0:01:39]} Rf8 {[%clk 0:00:33]} 32. Qg3
{[%clk 0:01:38]} h5 {[%clk 0:00:19]} 33. h3 {[%clk 0:01:28]} Rf6 {[%clk 0:00:15]}
34. Nb5 {[%clk 0:01:25]} Bxe4 {[%clk 0:00:11]} 35. d6 {[%clk 0:01:13]} Qe6
{[%clk 0:00:08]} 36. d7 {[%clk 0:01:10]} Rf8 {[%clk 0:00:09]} 37. Nc3
{[%clk 0:01:03]} Qxd7 {[%clk 0:00:03]} 38. Qxe5+ {[%clk 0:01:04]} 1-0

[Event "blitzwomeanteam"]
[Site "?"]
[Date "2016.10.08"]
[Round "8.11"]
[White "Vasilevich, Irina"]
[Black "Gritsayeva, Oksana"]
[Result "0-1"]
[LiveChessVersion "1.4.4"]
[BlackElo "2284"]
[WhiteElo "2165"]

1. e4 {[%clk 0:03:04]} c5 {[%clk 0:03:04]} 2. Nf3 {[%clk 0:03:05]} e6
{[%clk 0:03:05]} 3. c3 {[%clk 0:03:06]} d5 {[%clk 0:03:04]} 4. exd5
{[%clk 0:03:07]} exd5 {[%clk 0:03:06]} 5. d4 {[%clk 0:03:08]} Nc6
{[%clk 0:03:07]} 6. Be2 {[%clk 0:03:07]} Bd6 {[%clk 0:03:07]} 7. O-O
{[%clk 0:03:06]} Nge7 {[%clk 0:03:07]} 8. dxc5 {[%clk 0:03:00]} Bxc5
{[%clk 0:03:08]} 9. Nbd2 {[%clk 0:03:01]} O-O {[%clk 0:03:07]} 10. Nb3
{[%clk 0:03:02]} Bb6 {[%clk 0:03:08]} 11. Bf4 {[%clk 0:02:57]} Bf5
{[%clk 0:02:57]} 12. Nbd4 {[%clk 0:02:52]} Be4 {[%clk 0:02:51]} 13. Qd2
{[%clk 0:02:42]} Ng6 {[%clk 0:02:41]} 14. Be3 {[%clk 0:02:21]} Bc7
{[%clk 0:02:17]} 15. Nxc6 {[%clk 0:02:06]} bxc6 {[%clk 0:02:18]} 16. Bc5
{[%clk 0:02:00]} Re8 {[%clk 0:02:01]} 17. g3 {[%clk 0:01:45]} Qf6
{[%clk 0:01:46]} 18. Nd4 {[%clk 0:01:37]} Ne5 {[%clk 0:01:34]} 19. f3
{[%clk 0:01:27]} Bg6 {[%clk 0:01:35]} 20. f4 {[%clk 0:01:21]} Nd7
{[%clk 0:01:35]} 21. Ba3 {[%clk 0:01:14]} Be4 {[%clk 0:00:56]} 22. Bg4
{[%clk 0:01:15]} Nb6 {[%clk 0:00:52]} 23. b3 {[%clk 0:01:15]} Rad8
{[%clk 0:00:47]} 24. Rae1 {[%clk 0:01:07]} Nd7 {[%clk 0:00:45]} 25. Bf3
{[%clk 0:01:04]} c5 {[%clk 0:00:40]} 26. Bxe4 {[%clk 0:00:52]} dxe4
{[%clk 0:00:19]} 27. Nb5 {[%clk 0:00:48]} Bb8 {[%clk 0:00:21]} 28. c4
{[%clk 0:00:32]} Qg6 {[%clk 0:00:15]} 29. Qe2 {[%clk 0:00:29]} Nf6
{[%clk 0:00:14]} 30. Bb2 {[%clk 0:00:27]} h5 {[%clk 0:00:10]} 31. Rd1
{[%clk 0:00:26]} h4 {[%clk 0:00:10]} 32. Kg2 {[%clk 0:00:27]} hxg3
{[%clk 0:00:11]} 33. hxg3 {[%clk 0:00:28]} Rxd1 {[%clk 0:00:12]} 34. Rxd1
{[%clk 0:00:28]} Bxf4 {[%clk 0:00:13]} 35. Qf2 {[%clk 0:00:26]} Bb8
{[%clk 0:00:13]} 36. Bxf6 {[%clk 0:00:26]} gxf6 {[%clk 0:00:14]} 37. Nc3
{[%clk 0:00:25]} e3 {[%clk 0:00:15]} 38. Qf3 {[%clk 0:00:25]} Be5
{[%clk 0:00:15]} 39. Nd5 {[%clk 0:00:23]} Bd4 {[%clk 0:00:15]} 40. Re1
{[%clk 0:00:23]} Kg7 {[%clk 0:00:14]} 41. Re2 {[%clk 0:00:21]} Rh8
{[%clk 0:00:14]} 42. Nf4 {[%clk 0:00:21]} Qb1 {[%clk 0:00:12]} 43. Qf1
{[%clk 0:00:20]} Rh2+ {[%clk 0:00:11]} 44. Kg1 {[%clk 0:00:16]} Rh1+
{[%clk 0:00:12]} 0-1

[Event "blitzwomeanteam"]
[Site "?"]
[Date "2016.10.08"]
[Round "8.12"]
[White "Potapova, Margarita"]
[Black "Severina, Maria"]
[Result "0-1"]
[LiveChessVersion "1.4.4"]
[BlackElo "2266"]
[WhiteElo "1965"]

1. Nf3 {[%clk 0:03:03]} d5 {[%clk 0:03:03]} 2. g3 g6 {[%clk 0:03:04]} 3. Bg2
{[%clk 0:03:03]} Bg7 {[%clk 0:03:05]} 4. d4 {[%clk 0:03:04]} Nf6 {[%clk 0:03:03]}
5. c4 {[%clk 0:03:05]} c6 {[%clk 0:03:02]} 6. cxd5 {[%clk 0:03:00]} cxd5
{[%clk 0:03:02]} 7. Nc3 {[%clk 0:03:01]} O-O {[%clk 0:02:57]} 8. O-O
{[%clk 0:03:02]} Ne4 {[%clk 0:02:52]} 9. Nxe4 {[%clk 0:02:46]} dxe4
{[%clk 0:02:53]} 10. Ne5 {[%clk 0:02:48]} f6 {[%clk 0:02:29]} 11. Qb3+
{[%clk 0:02:04]} e6 {[%clk 0:02:28]} 12. Nc4 {[%clk 0:02:05]} f5 {[%clk 0:02:14]}
13. Rd1 {[%clk 0:01:56]} Nc6 {[%clk 0:02:08]} 14. e3 {[%clk 0:01:42]} Qd5
{[%clk 0:02:03]} 15. Bd2 {[%clk 0:01:23]} b6 {[%clk 0:01:53]} 16. Na3
{[%clk 0:01:09]} Qxb3 {[%clk 0:01:20]} 17. axb3 {[%clk 0:01:10]} e5
{[%clk 0:01:17]} 18. d5 {[%clk 0:01:04]} Nb8 {[%clk 0:00:36]} 19. Bb4
{[%clk 0:00:44]} Re8 {[%clk 0:00:34]} 20. Nb5 {[%clk 0:00:44]} Na6
{[%clk 0:00:31]} 21. Rxa6 {[%clk 0:00:14]} Bxa6 {[%clk 0:00:32]} 22. Nc7
{[%clk 0:00:15]} Bd3 {[%clk 0:00:29]} 23. Bf1 {[%clk 0:00:12]} Bxf1
{[%clk 0:00:16]} 24. Kxf1 {[%clk 0:00:13]} Bf8 {[%clk 0:00:14]} 25. Bxf8
{[%clk 0:00:13]} Kxf8 {[%clk 0:00:14]} 26. Nxa8 {[%clk 0:00:14]} Rxa8
{[%clk 0:00:15]} 27. Rc1 {[%clk 0:00:10]} Rd8 {[%clk 0:00:14]} 28. Rc7
{[%clk 0:00:11]} Rxd5 {[%clk 0:00:15]} 29. Rxh7 {[%clk 0:00:07]} Rd2
{[%clk 0:00:15]} 30. Rxa7 {[%clk 0:00:07]} Rxb2 {[%clk 0:00:16]} 31. Ra3
{[%clk 0:00:06]} b5 {[%clk 0:00:15]} 32. h4 {[%clk 0:00:07]} b4 {[%clk 0:00:16]}
33. Ra7 {[%clk 0:00:08]} Rxb3 {[%clk 0:00:16]} 34. Ke2 {[%clk 0:00:10]} Rb2+
{[%clk 0:00:17]} 35. Ke1 {[%clk 0:00:11]} b3 {[%clk 0:00:16]} 36. Rb7
{[%clk 0:00:12]} Rb1+ {[%clk 0:00:17]} 37. Kd2 {[%clk 0:00:10]} b2
{[%clk 0:00:18]} 38. Kc3 {[%clk 0:00:08]} Rc1+ {[%clk 0:00:13]} 39. Kxb2
{[%clk 0:00:09]} Rf1 {[%clk 0:00:15]} 40. Kc3 {[%clk 0:00:09]} Rxf2
{[%clk 0:00:16]} 41. Kc4 {[%clk 0:00:10]} Rf3 {[%clk 0:00:17]} 42. Kd5
{[%clk 0:00:12]} Rxe3 {[%clk 0:00:17]} 43. Ke6 {[%clk 0:00:13]} Ra3
{[%clk 0:00:16]} 44. Kf6 {[%clk 0:00:10]} Ra6+ {[%clk 0:00:17]} 45. Kxe5
{[%clk 0:00:11]} e3 {[%clk 0:00:17]} 46. Rb3 {[%clk 0:00:10]} e2 {[%clk 0:00:17]}
47. Re3 {[%clk 0:00:12]} Ra7 {[%clk 0:00:17]} 48. Kf6 {[%clk 0:00:06]} Rf7+
{[%clk 0:00:17]} 49. Kxg6 {[%clk 0:00:03]} Re7 {[%clk 0:00:18]} 50. Rxe2
{[%clk 0:00:04]} Rxe2 {[%clk 0:00:19]} 51. h5 {[%clk 0:00:05]} Rf2
{[%clk 0:00:17]} 52. h6 {[%clk 0:00:06]} Kg8 {[%clk 0:00:17]} 53. h7+
{[%clk 0:00:04]} Kh8 {[%clk 0:00:19]} 54. Kh6 {[%clk 0:00:05]} Rf3
{[%clk 0:00:19]} 0-1

[Event "blitzwomeanteam"]
[Site "?"]
[Date "2016.10.08"]
[Round "9.1"]
[White "Ruchieva, Natalia"]
[Black "Galliamova, Alisa"]
[Result "0-1"]
[LiveChessVersion "1.4.4"]
[BlackElo "2403"]
[WhiteElo "2194"]

1. e4 {[%clk 0:03:04]} c5 {[%clk 0:03:02]} 2. c3 {[%clk 0:03:03]} Nf6
{[%clk 0:02:57]} 3. e5 {[%clk 0:03:03]} Nd5 {[%clk 0:02:58]} 4. d4
{[%clk 0:03:02]} e6 {[%clk 0:02:57]} 5. Nf3 {[%clk 0:02:57]} cxd4
{[%clk 0:02:48]} 6. cxd4 {[%clk 0:02:55]} Be7 {[%clk 0:02:48]} 7. Nc3
{[%clk 0:02:53]} d6 {[%clk 0:02:37]} 8. Bd3 {[%clk 0:02:26]} O-O {[%clk 0:02:30]}
9. O-O {[%clk 0:02:20]} Nb4 {[%clk 0:02:16]} 10. Bb1 {[%clk 0:02:07]} dxe5
{[%clk 0:02:04]} 11. Nxe5 {[%clk 0:01:56]} N8c6 {[%clk 0:01:56]} 12. Qh5
{[%clk 0:01:13]} f5 {[%clk 0:01:47]} 13. Rd1 {[%clk 0:00:56]} Bf6
{[%clk 0:01:36]} 14. Nxc6 {[%clk 0:00:37]} bxc6 {[%clk 0:01:21]} 15. a3
{[%clk 0:00:37]} Nd5 {[%clk 0:01:21]} 16. Ba2 {[%clk 0:00:37]} Rb8
{[%clk 0:01:16]} 17. Qe2 {[%clk 0:00:32]} Qd6 {[%clk 0:01:14]} 18. Nxd5
{[%clk 0:00:19]} exd5 {[%clk 0:01:10]} 19. b4 {[%clk 0:00:19]} Bd7
{[%clk 0:01:07]} 20. Be3 {[%clk 0:00:19]} f4 {[%clk 0:00:59]} 21. Bc1
{[%clk 0:00:15]} Rfe8 {[%clk 0:00:58]} 22. Qf3 {[%clk 0:00:15]} Bxd4
{[%clk 0:00:46]} 23. Bxf4 {[%clk 0:00:07]} Be5 {[%clk 0:00:47]} 24. Bxe5
{[%clk 0:00:06]} Rxe5 {[%clk 0:00:47]} 25. h3 {[%clk 0:00:05]} Rf8
{[%clk 0:00:46]} 26. Qg3 Qe7 27. Bb3 Rg5 0-1

[Event "blitzwomeanteam"]
[Site "?"]
[Date "2016.10.08"]
[Round "9.2"]
[White "Ambartsumova, Karina"]
[Black "Vasilevich, Tatjana"]
[Result "1-0"]
[LiveChessVersion "1.4.4"]
[BlackElo "2345"]
[WhiteElo "2293"]

1. e4 {[%clk 0:03:02]} c5 {[%clk 0:03:04]} 2. Nf3 {[%clk 0:03:03]} a6
{[%clk 0:03:05]} 3. c4 {[%clk 0:03:03]} Nc6 {[%clk 0:03:03]} 4. d4
{[%clk 0:03:04]} cxd4 {[%clk 0:03:04]} 5. Nxd4 {[%clk 0:03:05]} Nf6
{[%clk 0:03:05]} 6. Nc3 {[%clk 0:03:06]} e5 {[%clk 0:03:06]} 7. Nf5
{[%clk 0:03:08]} d5 {[%clk 0:02:46]} 8. cxd5 {[%clk 0:03:08]} Bxf5
{[%clk 0:02:43]} 9. exf5 {[%clk 0:03:08]} Nd4 {[%clk 0:02:45]} 10. Bd3
{[%clk 0:02:57]} Nxd5 {[%clk 0:02:35]} 11. Be4 {[%clk 0:02:54]} Nb4
{[%clk 0:02:12]} 12. O-O {[%clk 0:02:42]} Nbc6 {[%clk 0:02:11]} 13. f4
{[%clk 0:02:28]} Bc5 {[%clk 0:02:03]} 14. Kh1 {[%clk 0:02:28]} exf4
{[%clk 0:01:50]} 15. Bxf4 {[%clk 0:02:23]} O-O {[%clk 0:01:49]} 16. f6
{[%clk 0:02:17]} Qxf6 {[%clk 0:01:41]} 17. Qh5 {[%clk 0:02:17]} h6
{[%clk 0:01:21]} 18. Qxc5 {[%clk 0:02:14]} Rfe8 {[%clk 0:01:18]} 19. Be3
{[%clk 0:01:48]} Qe5 {[%clk 0:01:02]} 20. Bxd4 {[%clk 0:01:44]} Nxd4
{[%clk 0:01:00]} 21. Qxe5 {[%clk 0:01:31]} Rxe5 {[%clk 0:01:02]} 22. Bxb7
{[%clk 0:01:31]} Rb8 {[%clk 0:01:03]} 23. Bxa6 {[%clk 0:01:26]} Rxb2
{[%clk 0:01:04]} 24. Rae1 {[%clk 0:01:04]} Rg5 {[%clk 0:00:50]} 25. Re8+
{[%clk 0:00:45]} Kh7 {[%clk 0:00:52]} 26. Bd3+ {[%clk 0:00:46]} f5
{[%clk 0:00:53]} 27. Rg1 {[%clk 0:00:27]} Rd2 {[%clk 0:00:48]} 28. Bb1
{[%clk 0:00:28]} Rh5 {[%clk 0:00:41]} 29. Re3 {[%clk 0:00:28]} Kg6
{[%clk 0:00:27]} 30. Rd1 {[%clk 0:00:28]} Rxd1+ 31. Nxd1 {[%clk 0:00:29]} Kf6
{[%clk 0:00:23]} 32. a4 {[%clk 0:00:28]} f4 {[%clk 0:00:15]} 33. Re4
{[%clk 0:00:29]} Ne6 {[%clk 0:00:13]} 34. Ba2 {[%clk 0:00:24]} Nc5
{[%clk 0:00:08]} 35. Rxf4+ {[%clk 0:00:25]} Ke5 {[%clk 0:00:08]} 36. Rc4
{[%clk 0:00:24]} Kd6 {[%clk 0:00:08]} 37. g3 {[%clk 0:00:23]} Rd5
{[%clk 0:00:08]} 38. Nf2 {[%clk 0:00:21]} Re5 {[%clk 0:00:07]} 39. Kg2
{[%clk 0:00:18]} Re2 {[%clk 0:00:08]} 40. Bb1 {[%clk 0:00:20]} Rb2
{[%clk 0:00:07]} 41. Bg6 {[%clk 0:00:20]} Kd5 {[%clk 0:00:06]} 42. Bf7+
{[%clk 0:00:20]} Kd6 {[%clk 0:00:06]} 43. Rd4+ {[%clk 0:00:20]} Kc6
{[%clk 0:00:06]} 44. Be8+ {[%clk 0:00:21]} Kc7 {[%clk 0:00:07]} 45. Rc4
{[%clk 0:00:17]} Kd6 {[%clk 0:00:08]} 46. Rd4+ {[%clk 0:00:19]} Kc7
{[%clk 0:00:09]} 47. Kf3 {[%clk 0:00:19]} Ra2 {[%clk 0:00:09]} 48. Kg2
{[%clk 0:00:19]} Kb6 {[%clk 0:00:09]} 49. h4 {[%clk 0:00:20]} Ka5
{[%clk 0:00:09]} 50. h5 {[%clk 0:00:21]} Ra3 {[%clk 0:00:05]} 51. Ne4
{[%clk 0:00:18]} Nd3 {[%clk 0:00:05]} 52. Rd5+ {[%clk 0:00:16]} Kb6
{[%clk 0:00:06]} 53. Rb5+ {[%clk 0:00:16]} Kc7 {[%clk 0:00:07]} 54. Nc5
{[%clk 0:00:14]} Ne1+ {[%clk 0:00:07]} 55. Kf1 {[%clk 0:00:15]} Nc2
{[%clk 0:00:08]} 56. Rb7+ {[%clk 0:00:14]} Kd6 {[%clk 0:00:10]} 57. Nb3
{[%clk 0:00:12]} Ne3+ {[%clk 0:00:10]} 58. Ke2 {[%clk 0:00:13]} Nc4
{[%clk 0:00:11]} 59. a5 {[%clk 0:00:10]} Nxa5 60. Nxa5 {[%clk 0:00:10]} Rxa5
{[%clk 0:00:12]} 61. Rxg7 {[%clk 0:00:10]} Re5+ {[%clk 0:00:13]} 62. Kf3
{[%clk 0:00:10]} Rxe8 {[%clk 0:00:14]} 63. Rg6+ {[%clk 0:00:11]} Ke5
{[%clk 0:00:15]} 64. Rxh6 {[%clk 0:00:12]} Kf5 {[%clk 0:00:16]} 65. g4+
{[%clk 0:00:14]} Kg5 {[%clk 0:00:16]} 66. Rg6+ {[%clk 0:00:15]} Kh4
{[%clk 0:00:18]} 67. h6 {[%clk 0:00:11]} Rf8+ {[%clk 0:00:19]} 68. Ke4
{[%clk 0:00:13]} Rf7 {[%clk 0:00:17]} 69. Ke5 {[%clk 0:00:13]} Rf1
{[%clk 0:00:17]} 70. h7 {[%clk 0:00:12]} Rf8 {[%clk 0:00:18]} 71. Rg8
{[%clk 0:00:13]} 1-0

[Event "blitzwomeanteam"]
[Site "?"]
[Date "2016.10.08"]
[Round "9.3"]
[White "Nebolsina, Vera"]
[Black "Gritsayeva, Oksana"]
[Result "0-1"]
[LiveChessVersion "1.4.4"]
[BlackElo "2284"]
[WhiteElo "2226"]

1. e4 {[%clk 0:03:04]} g6 {[%clk 0:03:03]} 2. d4 {[%clk 0:03:05]} Bg7
{[%clk 0:03:04]} 3. Nc3 {[%clk 0:03:06]} d6 {[%clk 0:03:02]} 4. Nf3
{[%clk 0:03:06]} a6 {[%clk 0:03:03]} 5. a4 {[%clk 0:03:03]} Nd7 {[%clk 0:02:58]}
6. Bc4 {[%clk 0:03:01]} e6 {[%clk 0:02:52]} 7. O-O {[%clk 0:02:59]} Ne7
{[%clk 0:02:51]} 8. Bg5 {[%clk 0:02:57]} h6 {[%clk 0:02:48]} 9. Be3
{[%clk 0:02:58]} b6 {[%clk 0:02:47]} 10. Re1 {[%clk 0:02:51]} Bb7 11. d5
{[%clk 0:02:45]} exd5 {[%clk 0:02:15]} 12. exd5 {[%clk 0:02:26]} O-O
{[%clk 0:02:13]} 13. Nd4 {[%clk 0:02:18]} Ne5 {[%clk 0:02:05]} 14. Bb3
{[%clk 0:02:16]} Qd7 {[%clk 0:01:57]} 15. h3 {[%clk 0:02:14]} g5 {[%clk 0:01:46]}
16. Nf3 {[%clk 0:02:07]} Nf5 {[%clk 0:01:38]} 17. Nxe5 {[%clk 0:02:03]} Bxe5
{[%clk 0:01:38]} 18. Qd3 {[%clk 0:01:56]} Rae8 {[%clk 0:01:29]} 19. Rad1
{[%clk 0:01:52]} Bc8 {[%clk 0:01:25]} 20. Bc1 {[%clk 0:01:48]} Nh4
{[%clk 0:01:17]} 21. Ne2 {[%clk 0:01:41]} Bg7 {[%clk 0:01:00]} 22. c3
{[%clk 0:01:33]} Re5 {[%clk 0:00:57]} 23. Bc2 {[%clk 0:01:20]} Rfe8
{[%clk 0:00:57]} 24. Kf1 {[%clk 0:01:15]} a5 {[%clk 0:00:46]} 25. Be3
{[%clk 0:01:03]} R5e7 {[%clk 0:00:33]} 26. Bd4 {[%clk 0:01:00]} Ng6
{[%clk 0:00:26]} 27. Bxg7 {[%clk 0:00:59]} Kxg7 {[%clk 0:00:27]} 28. Nd4
{[%clk 0:00:58]} Re5 {[%clk 0:00:23]} 29. Rxe5 {[%clk 0:00:56]} Rxe5
{[%clk 0:00:22]} 30. Nc6 {[%clk 0:00:55]} Re8 {[%clk 0:00:18]} 31. Qd4+
{[%clk 0:00:55]} Kg8 {[%clk 0:00:16]} 32. Qf6 {[%clk 0:00:50]} Kh7
{[%clk 0:00:13]} 33. Rd3 {[%clk 0:00:46]} Ba6 {[%clk 0:00:14]} 34. Kg1
{[%clk 0:00:37]} Re1+ {[%clk 0:00:13]} 35. Kh2 {[%clk 0:00:38]} Bxd3
{[%clk 0:00:13]} 36. Bxd3 {[%clk 0:00:39]} Qe8 {[%clk 0:00:13]} 37. g3
{[%clk 0:00:35]} Kg8 {[%clk 0:00:13]} 38. Nd4 {[%clk 0:00:34]} Qe5
{[%clk 0:00:13]} 39. Qd8+ {[%clk 0:00:33]} Kg7 {[%clk 0:00:09]} 40. Nf3
{[%clk 0:00:33]} Qe7 {[%clk 0:00:09]} 41. Qc8 {[%clk 0:00:31]} Rd1
{[%clk 0:00:08]} 42. Bc4 {[%clk 0:00:27]} Rc1 {[%clk 0:00:07]} 43. Nd4
{[%clk 0:00:28]} Qe1 {[%clk 0:00:06]} 44. Nf5+ {[%clk 0:00:24]} Kf6
{[%clk 0:00:07]} 45. g4 {[%clk 0:00:16]} Qg1# {[%clk 0:00:08]} 0-1

[Event "blitzwomeanteam"]
[Site "?"]
[Date "2016.10.08"]
[Round "9.4"]
[White "Belova, Olga"]
[Black "Potapova, Margarita"]
[Result "1-0"]
[LiveChessVersion "1.4.4"]
[BlackElo "1965"]
[WhiteElo "2020"]

1. d4 {[%clk 0:03:02]} Nf6 {[%clk 0:03:03]} 2. Nc3 {[%clk 0:03:03]} d5
{[%clk 0:02:59]} 3. Bg5 {[%clk 0:03:04]} c6 {[%clk 0:02:59]} 4. Nf3
{[%clk 0:03:04]} Bf5 {[%clk 0:02:56]} 5. e3 {[%clk 0:03:05]} e6 {[%clk 0:02:54]}
6. Bd3 {[%clk 0:03:05]} Be7 {[%clk 0:02:51]} 7. Ne5 {[%clk 0:02:17]} O-O
{[%clk 0:02:45]} 8. O-O {[%clk 0:02:17]} Nbd7 {[%clk 0:02:45]} 9. f4
{[%clk 0:02:18]} h6 {[%clk 0:02:30]} 10. Bh4 {[%clk 0:02:07]} Ne4
{[%clk 0:02:27]} 11. Bxe7 {[%clk 0:02:06]} Qxe7 {[%clk 0:02:28]} 12. Nxe4
{[%clk 0:04:55]} Bxe4 {[%clk 0:02:15]} 13. Bxe4 {[%clk 0:01:52]} dxe4
{[%clk 0:02:16]} 14. Qg4 {[%clk 0:01:29]} Nf6 {[%clk 0:02:13]} 15. Qg3
{[%clk 0:01:23]} c5 {[%clk 0:02:04]} 16. c3 {[%clk 0:01:24]} Rac8
{[%clk 0:02:04]} 17. Rae1 {[%clk 0:01:23]} b5 {[%clk 0:01:55]} 18. Ng4
{[%clk 0:01:10]} Nxg4 {[%clk 0:01:51]} 19. Qxg4 {[%clk 0:01:11]} f5
{[%clk 0:01:50]} 20. Qe2 {[%clk 0:01:09]} c4 {[%clk 0:01:46]} 21. Kh1 Rc7
{[%clk 0:01:41]} 22. g4 {[%clk 0:01:10]} Qh4 {[%clk 0:01:39]} 23. Rg1
{[%clk 0:00:59]} g5 {[%clk 0:01:19]} 24. gxf5 {[%clk 0:00:47]} exf5
{[%clk 0:01:11]} 25. d5 {[%clk 0:00:31]} g4 {[%clk 0:01:05]} 26. d6
{[%clk 0:00:30]} Rd7 {[%clk 0:01:04]} 27. Qd2 {[%clk 0:00:32]} a6
{[%clk 0:00:41]} 28. Qd5+ {[%clk 0:00:33]} Kh7 {[%clk 0:00:41]} 29. Rg3
{[%clk 0:00:28]} Qf6 {[%clk 0:00:37]} 30. Rd1 {[%clk 0:00:13]} Rfd8
{[%clk 0:00:38]} 31. Qe5 {[%clk 0:00:12]} Rxd6 {[%clk 0:00:31]} 32. Qxf6
{[%clk 0:00:12]} Rxd1+ {[%clk 0:00:22]} 33. Rg1 {[%clk 0:00:13]} R1d3
{[%clk 0:00:21]} 34. Qxf5+ {[%clk 0:00:13]} Kg7 {[%clk 0:00:23]} 35. Rxg4+
{[%clk 0:00:14]} Kh8 {[%clk 0:00:24]} 36. Qf6+ {[%clk 0:00:15]} 1-0

[Event "blitzwomeanteam"]
[Site "?"]
[Date "2016.10.08"]
[Round "9.5"]
[White "Bodnaruk, Anastasia"]
[Black "Kovalevskaya, Ekaterina"]
[Result "1-0"]
[LiveChessVersion "1.4.4"]
[BlackElo "2282"]
[WhiteElo "2386"]

1. e4 {[%clk 0:03:03]} c5 {[%clk 0:03:03]} 2. f4 {[%clk 0:03:04]} d5
{[%clk 0:03:01]} 3. exd5 {[%clk 0:03:05]} Nf6 {[%clk 0:03:02]} 4. Nf3
{[%clk 0:02:33]} Nxd5 {[%clk 0:02:59]} 5. d3 {[%clk 0:02:21]} Nc6
{[%clk 0:02:51]} 6. Be2 {[%clk 0:02:14]} g6 {[%clk 0:02:48]} 7. O-O
{[%clk 0:02:14]} Bg7 {[%clk 0:02:49]} 8. c3 {[%clk 0:02:08]} O-O {[%clk 0:02:47]}
9. Na3 {[%clk 0:02:09]} b6 {[%clk 0:02:27]} 10. Nc4 {[%clk 0:02:07]} Bb7
{[%clk 0:02:28]} 11. Nce5 {[%clk 0:01:52]} Qd6 {[%clk 0:02:26]} 12. d4
{[%clk 0:01:49]} cxd4 {[%clk 0:02:15]} 13. cxd4 {[%clk 0:01:50]} Rac8
{[%clk 0:02:00]} 14. Kh1 {[%clk 0:01:44]} Na5 {[%clk 0:01:33]} 15. Bd2
{[%clk 0:01:36]} f6 {[%clk 0:01:27]} 16. Nd3 {[%clk 0:01:18]} Nc4
{[%clk 0:01:27]} 17. Qb3 {[%clk 0:01:08]} Kh8 {[%clk 0:01:05]} 18. Nc5
{[%clk 0:00:37]} Nxd2 {[%clk 0:00:53]} 19. Nxd2 {[%clk 0:00:38]} bxc5
{[%clk 0:00:37]} 20. Qxb7 cxd4 {[%clk 0:00:34]} 21. Ne4 {[%clk 0:00:28]} Qc6
{[%clk 0:00:32]} 22. Qxc6 {[%clk 0:00:16]} Rxc6 {[%clk 0:00:32]} 23. g3
{[%clk 0:00:12]} Rc2 {[%clk 0:00:29]} 24. Bd3 {[%clk 0:00:11]} Rxb2
{[%clk 0:00:29]} 25. a4 {[%clk 0:00:12]} Ne3 {[%clk 0:00:29]} 26. Rfb1
{[%clk 0:00:12]} Rfb8 {[%clk 0:00:29]} 27. Rxb2 {[%clk 0:00:11]} Rxb2
{[%clk 0:00:29]} 28. a5 {[%clk 0:00:12]} Ng4 {[%clk 0:00:21]} 29. Kg1
{[%clk 0:00:11]} Nxh2 {[%clk 0:00:16]} 30. Rc1 {[%clk 0:00:09]} Nf3+
{[%clk 0:00:16]} 31. Kf1 {[%clk 0:00:10]} h5 {[%clk 0:00:14]} 32. Rc7
{[%clk 0:00:07]} Nd2+ {[%clk 0:00:13]} 33. Nxd2 {[%clk 0:00:05]} Rxd2
{[%clk 0:00:13]} 34. Bb5 {[%clk 0:00:06]} Rb2 {[%clk 0:00:12]} 35. Bd3
{[%clk 0:00:07]} f5 {[%clk 0:00:08]} 36. Rxa7 Rd2 {[%clk 0:00:09]} 37. Bc4
{[%clk 0:00:09]} Rc2 {[%clk 0:00:09]} 38. Bd3 {[%clk 0:00:09]} Rd2
{[%clk 0:00:10]} 39. Bc4 {[%clk 0:00:08]} Rc2 {[%clk 0:00:11]} 40. Bb5
{[%clk 0:00:09]} Rb2 {[%clk 0:00:11]} 41. Be2 {[%clk 0:00:09]} Rb1+
{[%clk 0:00:09]} 42. Kf2 {[%clk 0:00:10]} Rb2 {[%clk 0:00:08]} 43. Ke1
{[%clk 0:00:08]} Ra2 {[%clk 0:00:06]} 44. a6 {[%clk 0:00:09]} Kh7
{[%clk 0:00:07]} 45. Rxe7 {[%clk 0:00:10]} Kh6 {[%clk 0:00:07]} 46. a7
{[%clk 0:00:11]} d3 {[%clk 0:00:08]} 47. Bxd3 {[%clk 0:00:09]} Bd4
{[%clk 0:00:09]} 48. Re6 {[%clk 0:00:07]} Rxa7 {[%clk 0:00:10]} 49. Bxf5
{[%clk 0:00:08]} Rg7 {[%clk 0:00:11]} 50. Ke2 {[%clk 0:00:07]} Kh7
{[%clk 0:00:11]} 51. Be4 {[%clk 0:00:08]} Bc3 {[%clk 0:00:12]} 52. Kf3
{[%clk 0:00:09]} Bb2 {[%clk 0:00:13]} 53. Rb6 {[%clk 0:00:10]} Bd4
{[%clk 0:00:14]} 54. Rb5 {[%clk 0:00:12]} Bf6 {[%clk 0:00:14]} 55. Rxh5+
{[%clk 0:00:12]} Kg8 {[%clk 0:00:14]} 56. Rb5 {[%clk 0:00:14]} Kh7
{[%clk 0:00:14]} 57. Rb6 {[%clk 0:00:15]} Rf7 {[%clk 0:00:15]} 58. g4
{[%clk 0:00:12]} Kg7 {[%clk 0:00:13]} 59. g5 {[%clk 0:00:12]} Be5
{[%clk 0:00:14]} 60. Rxg6+ {[%clk 0:00:12]} Kf8 {[%clk 0:00:15]} 61. f5
{[%clk 0:00:12]} Ra7 {[%clk 0:00:15]} 62. Rc6 {[%clk 0:00:10]} Ra3+
{[%clk 0:00:15]} 63. Kg4 {[%clk 0:00:07]} Ra4 {[%clk 0:00:16]} 64. Kf3
{[%clk 0:00:08]} Ra3+ {[%clk 0:00:17]} 65. Kf2 {[%clk 0:00:07]} Ra4
{[%clk 0:00:10]} 66. Ke3 {[%clk 0:00:08]} Ra3+ {[%clk 0:00:09]} 67. Bd3
{[%clk 0:00:10]} Ra4 {[%clk 0:00:10]} 68. f6 {[%clk 0:00:05]} Bf4+
{[%clk 0:00:11]} 69. Kf3 {[%clk 0:00:07]} Bxg5 {[%clk 0:00:12]} 70. Bg6
{[%clk 0:00:08]} Bxf6 {[%clk 0:00:12]} 71. Rxf6+ {[%clk 0:00:09]} Kg7
{[%clk 0:00:13]} 72. Rc6 {[%clk 0:00:11]} Rd4 {[%clk 0:00:14]} 73. Be4
{[%clk 0:00:13]} Kf7 {[%clk 0:00:14]} 74. Kf4 {[%clk 0:00:14]} Ke7
{[%clk 0:00:15]} 75. Ke5 {[%clk 0:00:15]} Rd2 {[%clk 0:00:15]} 76. Rh6
{[%clk 0:00:16]} Kd7 {[%clk 0:00:16]} 77. Rh7+ {[%clk 0:00:17]} Kc8
{[%clk 0:00:17]} 78. Bd5 {[%clk 0:00:18]} Rd1 {[%clk 0:00:16]} 79. Kd6
{[%clk 0:00:19]} Kb8 {[%clk 0:00:16]} 80. Rb7+ {[%clk 0:00:18]} Kc8
{[%clk 0:00:16]} 81. Ra7 {[%clk 0:00:17]} Rb1 {[%clk 0:00:16]} 82. Be4
{[%clk 0:00:15]} Rb2 {[%clk 0:00:14]} 83. Bd5 {[%clk 0:00:09]} Rb1
{[%clk 0:00:09]} 84. Rg7 {[%clk 0:00:08]} Kb8 {[%clk 0:00:09]} 85. Rg8+
{[%clk 0:00:08]} Ka7 {[%clk 0:00:10]} 86. Ra8+ {[%clk 0:00:09]} 1-0